| 000 | 00904nam a2200301 i 4500 | ||
|---|---|---|---|
| 001 | vtls000961975 | ||
| 003 | PNM | ||
| 005 | 20230823133853.0 | ||
| 008 | 220608s2022 my er 000 f may | ||
| 015 | _aM22-11354 | ||
| 020 |
_a9789670040059 _cRM40.00 _qpaperback |
||
| 039 | 9 |
_a202207210934 _bklyene |
|
| 040 |
_aBNM _beng _cBNM _erda _dPPAK |
||
| 049 | _amal | ||
| 082 | 0 | 4 |
_223 _a899.2333 |
| 090 |
_a899.2333 _bHAF _dG |
||
| 100 | 0 |
_aHafiza Iszahanid, _d1975- _eauthor. |
|
| 245 | 1 | 0 |
_aLelaki Januari / _cHAFIZA ISZAHANID ; Penyunting: Arif Zulkifli |
| 264 | 1 |
_aPetaling Jaya, Selangor : _bBiblio Lit, _c2022 |
|
| 300 |
_a538 pages ; _c20 cm. |
||
| 336 |
_atext _2rdacontent |
||
| 337 |
_aunmediated _2rdamedia |
||
| 338 |
_avolume _2rdacarrier |
||
| 650 | 1 | 0 | _aMalay fiction |
| 650 | 2 | 4 | _aMalaysian fiction (Malay) |
| 700 | 0 |
_aArif Zulkifli, _eeditor. |
|
| 942 |
_2ddc _cB |
||
| 999 |
_c189407 _d189407 |
||